Statistics for Top-speaking English countries in the world

Click here to take the quiz!

General Stats

  • This quiz has been taken 24 times
  • The average score is 8 of 10

Answer Stats

HintAnswer% Correct
10Canada
100%
6United Kingdom
100%
1United States
100%
2India
96%
9France
87%
7Germany
87%
3Pakistan
74%
5Philippines
70%
4Nigeria
65%
8Uganda
26%

Score Distribution

Percentile by Number Answered

Percent of People with Each Score

Your Score History

You have not taken this quiz